| Tag |
First Indicator |
Second Indicator |
Subfields |
| LEADER |
00000cem a2200000Ii 4500 |
| 001 |
in00002811157 |
| 005 |
20211120170656.0 |
| 006 |
m o d f |
| 007 |
aj cznzn |
| 007 |
cr cn||||||||| |
| 008 |
130115s2006 dcuagekbd a fo 0 eng d |
| 034 |
0 |
|
|a a
|d E1460122
|e E1445512
|f N0203450
|g N0155824
|
| 035 |
|
|
|a (OCoLC)ocn824456222
|
| 037 |
|
|
|a NSN 7642-01-401-3807
|b DOD
|
| 037 |
|
|
|a 81 BHA 81086
|b NGA
|
| 037 |
|
|
|a 81086
|b NOS
|
| 040 |
|
|
|a GPO
|b eng
|e rda
|c GPO
|d GPO
|d MvI
|d UtOrBLW
|
| 043 |
|
|
|a poxd---
|a pn-----
|
| 049 |
|
|
|a WWW
|
| 052 |
|
|
|a 9411
|
| 052 |
|
|
|a 9325
|
| 074 |
|
|
|a 0191-B-14 (online)
|
| 086 |
0 |
|
|a C 55.418/7:81086/2006
|
| 110 |
2 |
|
|a United States Coast Survey.
|
| 245 |
1 |
0 |
|a North Pacific Ocean, Commonwealth of the Northern Mariana Islands, Plans in the Mariana Islands /
|c Coast Survey.
|
| 246 |
3 |
0 |
|a Plans in the Mariana Islands
|
| 250 |
|
|
|a Sixth edition, Dec. , 2006, corrected through NM Dec. 23, 2006, LNM Dec. 12, 2006.
|
| 255 |
|
|
|a Scales differ ;
|b Mercator projection
|c (E 146⁰01ʹ22ʺ--E 144⁰55ʹ12ʺ/N 20⁰34ʹ50ʺ--N 15⁰58ʹ24ʺ).
|
| 264 |
|
1 |
|a Washington, D.C. :
|b U.S. Department of Commerce, National Oceanic and Atmospheric Administration, National Ocean Service, Coast Survey,
|c 2006.
|
| 300 |
|
|
|a 1 online resource (9 maps) :
|b color
|
| 336 |
|
|
|a cartographic image
|b cri
|2 rdacontent
|
| 337 |
|
|
|a computer
|b c
|2 rdamedia
|
| 338 |
|
|
|a online resource
|b cr
|2 rdacarrier
|
| 500 |
|
|
|a Depths shown by isolines and soundings.
|
| 500 |
|
|
|a Relief shown by contours and spot heights.
|
| 538 |
|
|
|a The .jpg versions of these maps require Adobe Photoshop or Adobe Acrobat 9 Pro to view.
|
| 500 |
|
|
|a Title from title screen (viewed Jan. 15, 2013).
|
| 500 |
|
|
|a "Depths in meters."
|
| 500 |
|
|
|a Includes source diagrams.
|
| 505 |
0 |
|
|a Farallon de Pajaros. Scale 1:36,481 -- Sarigan Island. Scale 1:45,602 -- Farallon de Medinilla. Scale 1:45, 602 -- Asuncion Island. Scale 1:41,275 -- Agrihan. Scale 1:72,962 -- Agrihan Anchorage. Scale 1:36,481 -- Alamagan Island. Scale 1:45,602 -- Guguan Island. Scale 1:45,602 -- Anatahan Island. Scale 1:72,962.
|
| 651 |
|
0 |
|a Northern Mariana Islands
|v Maps.
|
| 651 |
|
0 |
|a North Pacific Ocean
|x Navigation.
|
| 856 |
4 |
0 |
|u https://purl.fdlp.gov/GPO/gpo32989
|t 0
|
| 999 |
|
|
|a MARS
|
| 999 |
f |
f |
|s 197d8d9e-1672-3e63-bfbb-f87f8506afcf
|i dab0be00-7334-3569-a84b-e39cc5fe64d6
|t 0
|
| 952 |
f |
f |
|a Texas A&M University
|b College Station
|c Electronic Resources
|d Available Online
|t 0
|e C 55.418/7:81086/2006
|h Superintendent of Documents classification
|
| 998 |
f |
f |
|a C 55.418/7:81086/2006
|t 0
|l Available Online
|